Loads of suspended sediment and nutrients from local nonpoint sources to the tidal Potomac River and Estuary, Maryland and Virginia, 1979-81 water years : a water-quality study of the Tidal Potomac River and Estuary / by R. Edward Hickman.

Bibliographic Details
Main Author: Hickman, R. Edward
Corporate Author: Geological Survey (U.S.)
Format: Government Document Book
Language:English
Published: [Reston, Va.] : Dept. of the Interior, U.S. Geological Survey ; 1987.
Series:Water-quality study of the tidal Potomac River and Estuary.
U.S. Geological Survey water-supply paper ; 2234-G.
Subjects:

MARC

Tag First Indicator Second Indicator Subfields
LEADER 00000cam a22000008a 4500
001 in00000862425
005 20151019085744.0
008 860101s1987 vauab b f00010 eng d
010 |a gp 87009687  
035 |a (OCoLC)13064481 
035 |9 AEF8404AM 
040 |a DLC  |c DLC  |d GPO  |d UtOrBLW 
043 |a n-usl--  |a n-us-md  |a n-us-va 
050 0 |a TD225.P74  |b H53 1986 
074 |a 625 
082 0 |a 363.7/3942/09752  |2 19 
086 0 |a I 19.13:2234-G 
100 1 |a Hickman, R. Edward. 
245 1 0 |a Loads of suspended sediment and nutrients from local nonpoint sources to the tidal Potomac River and Estuary, Maryland and Virginia, 1979-81 water years :  |b a water-quality study of the Tidal Potomac River and Estuary / by R. Edward Hickman. 
264 1 |a [Reston, Va.] :  |b Dept. of the Interior, U.S. Geological Survey ;  |c 1987. 
264 2 |a Denver, CO :  |b For sale by the Books and Open-File Reports Section, 
300 |a vii, 35 pages :  |b illustrations, maps ;  |c 28 cm. 
336 |a text  |b txt  |2 rdacontent 
337 |a unmediated  |b n  |2 rdamedia 
338 |a volume  |b nc  |2 rdacarrier 
490 1 |a A Water-quality study of the tidal Potomac River and Estuary 
490 1 |a U.S. Geological Survey water-supply paper ;  |v 2234-G 
500 |a Shipping list number: 87-125-P. 
504 |a Bibliography: pages 24-25. 
650 0 |a Water  |x Pollution  |z Potomac River Watershed. 
650 0 |a Marine sediments  |z Potomac River Watershed. 
650 0 |a Water chemistry. 
710 2 |a Geological Survey (U.S.) 
830 0 |a Water-quality study of the tidal Potomac River and Estuary. 
830 0 |a U.S. Geological Survey water-supply paper ;  |v 2234-G. 
999 |a MARS 
999 f f |s b4616aac-0f2b-3003-a448-d9f21d7a78e1  |i 5241cd89-1d33-38fc-8365-66cc85f7ee3b  |t 0 
952 f f |p normal  |a Texas A&M University  |b College Station  |c Sterling C. Evans Library  |d Evans: US Documents (Annex 5th floor)  |t 0  |e I 19.13:2234A-2234H  |h Superintendent of Documents classification  |i unmediated -- volume  |m A14814778921 
952 f f |a Texas A&M University  |b College Station  |c Sterling C. Evans Library  |d Evans: US Documents (Annex 5th floor)  |t 0  |e I 19.13:2234A-2234H  |h Superintendent of Documents classification 
998 f f |a I 19.13:2234A-2234H  |t 0  |l Evans: US Documents (Annex 5th floor)